LEADER 01493cam0-22004571i-450- 001 990001434350403321 005 20071106091542.0 010 $a88-7997-034-8 035 $a000143435 035 $aFED01000143435 035 $a(Aleph)000143435FED01 035 $a000143435 100 $a20001205d1998----km-y0itay50------ba 101 0 $aita 102 $aIT 105 $ay-------101yy 200 1 $aFederigo Enriques$efilosofia e storia del pensiero scientifico$f[relazioni di] Giorgio Bolondi ... [et al.]$ga cura di Ornella Pompeo Faracovi e Francesco Speranza 210 $aLivorno$cBelforte editore libraio$d1998 215 $a300 p.$d21 cm 225 1 $aDimensionilibri$v5 300 $aPresentate a un convegno tenuto a Livorno nel 1996 300 $aIn appendice: Albert Einstein a Federigo Enriques, a cura di O. Pompeo Faracovi 610 0 $aFondamenti delle scienze fisiche e naturali 610 0 $aScienze e filosofia$aItalia$a1890$a1950 610 0 $aEnriques, Federigo 676 $a510.92 702 1$aBolondi,$bGiorgio 702 1$aPompeo Faracovi,$bOrnella 702 1$aSperanza,$bFrancesco$f<1932-1998 ;$cmatematico> 801 0$aIT$bUNINA$gRICA$2UNIMARC 901 $aBK 912 $a990001434350403321 952 $a4-267$fFI1 952 $a4-267.001$fFI1 952 $a13 H 21 03$b11725$fFINBC 952 $aZIT-027$b22434$fMA1 959 $aFI1 959 $aFINBC 959 $aMA1 996 $aFederigo Enriques$9187712 997 $aUNINA LEADER 05103nam 2200625 450 001 9910465331403321 005 20200520144314.0 010 $a0-19-024376-7 010 $a0-19-024375-9 035 $a(CKB)3710000000747406 035 $a(EBL)4704945 035 $a(SSID)ssj0001691426 035 $a(PQKBManifestationID)16538354 035 $a(PQKBTitleCode)TC0001691426 035 $a(PQKBWorkID)15064715 035 $a(PQKB)25078105 035 $a(MiAaPQ)EBC4704945 035 $a(Au-PeEL)EBL4704945 035 $a(CaPaEBR)ebr11274093 035 $a(OCoLC)953456342 035 $a(EXLCZ)993710000000747406 100 $a20161013h20162016 uy 0 101 0 $aeng 135 $aur|n|---||||| 181 $ctxt 182 $cc 183 $acr 200 10$aMax/MSP/Jitter for music $ea practical guide to developing interactive music systems for education and more /$fV. J. Manzo 205 $aSecond edition. 210 1$aOxford, [England] ;$aNew York, New York :$cOxford University Press,$d2016. 210 4$dİ2016 215 $a1 online resource (432 p.) 300 $aDescription based upon print version of record. 311 $a0-19-024373-2 311 $a0-19-024374-0 320 $aIncludes bibliographical references. 327 $aCover ; Max/MSP/Jitter for Music: A Practical Guide to Developing Interactive Music Systems for Education and More; Copyright ; Contents; Foreword; Preface; Why Design Custom Software?; Technology in the Classroom; Book Design; Basic Troubleshooting; Acknowledgments; About the Companion Website; 1: Introduction to Programming ; Introduction to Max ; The Max Window ; Help Patchers ; Arguments ; Separating Items in a Message ; Numbers: Integers and Floating Points ; Aligning ; Commenting ; Inspector ; Key Commands ; New Objects Learned ; Remember ; Additional Tutorials ; On Your Own 327 $a2: Generating Music The RAT Patch ; MIDI (Musical Instrument Digital Interface) ; Synthesizing MIDI Numbers ; Adding Timing ; Slider Patch ; Rat Patch 2 ; MIDI Input ; Key Commands ; New Objects Learned ; Remember ; Additional Tutorials ; On Your Own ; 3: Math and Music ; Math in Max ; Forming Intervals ; Window Dressing ; Creating Chords ; Presentation Mode ; Further Customization ; Comments ; Key Commands ; New Objects Learned ; Remember ; Additional Tutorials ; Homework ; 4: Scales and Chords ; Scale Maker ; Chord Maker ; Order of Operations ; Setting Values ; New Objects Learned 327 $aRemember Additional Tutorials ; On Your Own ; 5: Interactive Ear Training ; Ear Trainer ; Further Customization ; New Objects Learned ; Remember ; On Your Own ; 6: Data Structures ; Adding External Objects ; Tonality in Max ; Filtering Chromatic Notes to Diatonic Notes ; Random Tonal Music ; Abstractions and Subpatchers ; Working with Pitch Classes ; Alternate Way ; Tables ; New Objects Learned ; Remember ; Additional Tutorials ; External Objects Database Concise Reference List ; On Your Own ; 7: Control Interfaces ; bpatchers ; MIDI Out bpatcher ; Saving Settings ; Control Interfaces 327 $aChords Storing Presets ; New Objects Learned ; Remember ; Additional Tutorials ; On Your Own ; 8: Control Interfaces Continued ; Arguments for Abstractions ; Using the Mouse ; Using Videogame Controllers ; New Objects Learned ; Remember ; Additional Tutorials ; On Your Own ; 9: Tools for Music Theory Concepts ; Chord Progressions ; Scale Analysis ; Mode Relationships ; Harmonic Direction ; Harmonization ; New Objects Learned ; Additional Tutorials ; On Your Own ; 10: Working with Time ; Sequencing ; Step Sequencers ; The Transport ; Overdrive ; Remember ; New Objects Learned 327 $aAdditional Tutorials On Your Own ; 11: Building Standalone Applications ; Preparing the Application ; Building the Application ; Icons ; Styles ; Permission and Cross-platform Building ; Remember ; New Objects Learned ; Additional Tutorials ; On Your Own ; 12: Introduction to Max for Live ; Overview ; Crash Course in Ableton Live ; Live Browser ; Max for Live ; Plug-Ins Device Browser ; Other Menus ; Places ; Adding Book Content ; Working in Live ; Arrangement View ; MIDI and Audio Tracks ; Max for Live ; Writing a MIDI Program ; Simple Math ; Additional Max Functions Controlling Live 327 $aInstallation for Foghorn 330 $aIn Max/MSP/Jitter for Music, author and music technologist V. J. Manzo provides a user-friendly introduction to a powerful programming language that can be used to write custom software for musical interaction. This second edition brings the book fully up-to-date with new applications in integrating Max with Ableton Live and offers source code for a variety of new projects. 606 $aComputer music$xInstruction and study 608 $aElectronic books. 615 0$aComputer music$xInstruction and study. 676 $a781.3/45133 700 $aManzo$b V. J.$0904583 801 0$bMiAaPQ 801 1$bMiAaPQ 801 2$bMiAaPQ 906 $aBOOK 912 $a9910465331403321 996 $aMax$92022892 997 $aUNINA